| 000 | 00885nam a22002057a 4500 | ||
|---|---|---|---|
| 999 |
_c872 _d872 |
||
| 003 | AR-CdUCM | ||
| 008 | 190225b ||||| |||| 00| 0 spa d | ||
| 040 |
_aMUNICIPALIDAD PROVINCIAL DEL CUSCO _cBIBLIOTECA MUNICIPAL DEL CUSCO |
||
| 082 |
_a330.985 / _bA55 |
||
| 100 |
_aAnaya, Eduardo _93345 |
||
| 245 |
_aLos grupos de poder económico : _bUn análisis de la oligarquía financiera / |
||
| 260 |
_aLima : _bEdit. Horizonte; _c1990. |
||
| 300 |
_a177 paginas ; _c21 cm. |
||
| 505 | _aAspectos teóricos sobre la concepción del poder económico -- Los grupos económicos -- Estudio de los grupos económicos en el Perú -- Los efectos de la concentración económica -- El súper grupo económico y sus efectos ... | ||
| 650 |
_aOligarquía _93346 |
||
| 650 |
_aConcentración industrial _93347 |
||
| 650 |
_aPoder económico _93348 |
||
| 942 |
_2ddc _cLIBROS |
||
| 945 |
_arum _d2019-02-25 |
||